TOTY Fifa 21-22-23 - Statistiques

Statistiques générales
  • Ce quiz a été pris 5 030 fois
    4 789 depuis la dernière actualisation
  • Le résultat moyen est 26 sur 36
Statistiques - réponses
Poste Note Nom du joueur % Correct
AD 98 Messi
97%
AD 98 Messi
97%
AD 98 Messi
97%
BU 97 Mbappé
96%
BU 97 Mbappé
96%
BU 97 Mbappé
96%
BU 97 Ronaldo
96%
BU 98 Ronaldo
96%
GB 96 Courtois
86%
DC 96 Van Dijk
85%
DC 96 Van Dijk
85%
AT 97 Benzema
84%
MC 96 De Bruyne
84%
MOC 96 De Bruyne
84%
MC 97 De Bruyne
84%
MC 96 Modric
82%
BU 96 Haaland
78%
DD 93 Hakimi
77%
DD 94 Hakimi
77%
GB 96 Neuer
72%
BU 98 Lewandowski
71%
BU 98 Lewandowski
71%
GB 96 Donnarumma
70%
MDC 96 Kanté
64%
DD 94 Alexander-Arnold
63%
DC 97 Dias
63%
DC 96 Ramos
62%
DG 94 Hernandez
52%
DC 95 Marquinhos
52%
MC 95 Bellingham
51%
DG 94 Cancelo
48%
MDC 96 Kimmich
45%
DC 94 Militao
43%
DG 93 Davies
42%
MC 97 Jorginho
39%
MOC 97 Fernandes
28%
Aucun quiz correspondant
Distribution des résultats
% des personnes avec chaque résultat
Percentile par nombre de réponses
Votre historique - résultats
Vous n’avez pas pris ce quiz depuis la dernière actualisation